Sports Quiz

Random Sports Quiz

Ways to reach first base Quiz Stats

 Plays Quiz not verified by Sporcle

Challenge
Share
Tweet
Embed
Score 0/8 Timer 05:00
0 Plays Today
% Correct
hit
99.5%
walk
96.8%
hit by pitch
84.9%
error
74.6%
fielder's choice
58.9%
catchers interference
44.3%
dropped 3rd strike
38.4%
pinch runner
16.2%

You're not logged in!

Compare scores with friends on all Sporcle quizzes.
Join for Free
OR
Log In

You Might Also Like...

Show Comments

Extras

Created Jun 20, 2010ReportFavoriteNominate
Tags:base, reach

Top Quizzes Today


Score Distribution

Your Account Isn't Verified!

In order to create a playlist on Sporcle, you need to verify the email address you used during registration. Go to your Sporcle Settings to finish the process.

Report this User

Report this user for behavior that violates our Community Guidelines.

Details: